Phản ứng Ôxi hóa - khử

Khái niệm và phản ứng Ôxi hóa - khử. Phương pháp lập phương trình phản ứng...

Spremljeno u:
Bibliografski detalji
Glavni autor: G.P Khômchencô
Daljnji autori: K.I Xêxaxchianôva (Tác giả), Nguyễn Văn Thoại (Người dịch), Đào Trọng Quang (Biên tập)
Format: Knjiga
Jezik:Vietnamese
Izdano: H. Giáo dục 1981
Teme:
Oznake: Dodaj oznaku
Bez oznaka, Budi prvi tko označuje ovaj zapis!
Thư viện lưu trữ: Mạng thư viện Đại học Đà Nẵng
LEADER 01283nam a2200373 4500
001 000008598
003 4788
005 20111021071011.0
008 111019s1981 viesd
020 |c 4.6đ 
041 0 |a vie 
082 |a 541.39  |b KH-G 
100 0 |a G.P Khômchencô 
245 0 |a Phản ứng Ôxi hóa - khử  |c G.P Khômchencô, K.I Xêxaxchianôva 
260 |a H.  |b Giáo dục  |c 1981 
300 |a 144tr  |c 21cm 
504 |a Mục lục tr 143 
520 |a Khái niệm và phản ứng Ôxi hóa - khử. Phương pháp lập phương trình phản ứng... 
653 |a Phản ứng 
653 |a Giáo trình 
700 |a K.I Xêxaxchianôva  |e Tác giả 
700 |a Nguyễn Văn Thoại  |e Người dịch 
700 |a Đào Trọng Quang  |e Biên tập 
910 |a Thương  |d 19/10/2011 
OWN |a LSP 
AVA |a UDN50  |b LSP  |d 541.39 KH-G  |e available  |t Error 5001 Not defined in file expand_doc_bib_avail.  |f 3  |g 1  |h N  |i 0  |k 1 
999 |a From the UDN01 
AVA |a UDN50  |b LSP  |d 541.39 KH-G  |e available  |t Error 5001 Not defined in file expand_doc_bib_avail.  |f 3  |g 1  |h N  |i 0  |k 1 
TYP |a Monograph 
TYP |a Printed language 
980 |a Mạng thư viện Đại học Đà Nẵng